Bách khoa lịch sử thế giới : Những sự kiện nổi bật trong lịch sử thế giới (Từ tiền sử đến năm 2000)

Αποθηκεύτηκε σε:
Λεπτομέρειες βιβλιογραφικής εγγραφής
Μορφή: Βιβλίο
Γλώσσα:Undetermined
Έκδοση: Hà Nội Văn hóa Thông tin 2004
Θέματα:
Ετικέτες: Προσθήκη ετικέτας
Δεν υπάρχουν, Καταχωρήστε ετικέτα πρώτοι!
Thư viện lưu trữ: Trung tâm Học liệu Trường Đại học Cần Thơ
LEADER 00685nam a2200193Ia 4500
001 CTU_90816
008 210402s9999 xx 000 0 und d
020 |c 350000 
082 |a 903 
082 |b B102 
245 0 |a Bách khoa lịch sử thế giới : 
245 0 |b Những sự kiện nổi bật trong lịch sử thế giới (Từ tiền sử đến năm 2000) 
245 0 |c Trần Nguyễn Du Sa (biên soạn) ... [et al.] 
260 |a Hà Nội 
260 |b Văn hóa Thông tin 
260 |c 2004 
650 |a World history 
904 |i Tuyến (Nguyên sửa) 
980 |a Trung tâm Học liệu Trường Đại học Cần Thơ